|
|
|
|
| LEADER |
00000nab a2200000 a 4500 |
| 001 |
vtls001024094 |
| 003 |
SK-MaSNL |
| 005 |
20260304214812.0 |
| 008 |
040720e19960725xo 0 slo |
| 035 |
|
|
|a SL2663
|
| 040 |
|
|
|a SLLK
|b slo
|c SLLK
|e AACR2
|
| 041 |
0 |
|
|a slo
|
| 044 |
|
|
|a xo
|c SK
|
| 080 |
|
|
|a 267
|2 1981
|
| 080 |
|
|
|a 613.8
|2 1981
|
| 100 |
1 |
|
|a Minárik, Gabriel
|4 aut
|9 777312
|
| 245 |
1 |
0 |
|a Poznanie pravdy vyslobodzuje
|b spoločenstvá v duchu kresťanskej etiky
|
| 650 |
0 |
7 |
|a spoločenstvá kresťanské
|2 SLLK
|9 861915
|
| 650 |
0 |
7 |
|a závislosti
|2 SLLK
|9 498786
|
| 650 |
0 |
7 |
|a terapia
|2 SLLK
|9 781
|
| 650 |
0 |
7 |
|a informácie
|2 SLLK
|9 1285
|
| 655 |
|
7 |
|a periodikum
|2 SLLK
|9 29553
|
| 773 |
0 |
8 |
|t Ľubovnianske noviny
|g Roč. 22, č.30, 25.7.1996, s. 2
|
| 852 |
|
|
|a ZVYKNI
|b KIS3GCP
|
| 999 |
|
|
|c 3143337
|d 3145267
|